000 00482nam a2200205Ia 4500
003 BUBTL
008 151213s9999 xx 000 0 und d
082 _a621.3GRB
100 _aBernard Grob
245 _aBasic Electronics
_cBernard Grob
250 _a8th
260 _aNew Delhi
_bTata Mc Graw Hill
_c2000
300 _a3433 p.
650 _aAccounting
650 _aAccounting
700 _aBernard Grob
856 _k0
_l0
_yDownload
942 _2ddc
_cBK
999 _c2284
_d2284